The world I fell out of (Record no. 77455)

MARC details
000 -LEADER
fixed length control field 00552nam a22002057a 4500
005 - DATE AND TIME OF LATEST TRANSACTION
control field 20230628070441.0
008 - FIXED-LENGTH DATA ELEMENTS--GENERAL INFORMATION
fixed length control field 230427b |||||||| |||| 00| 0 eng d
020 ## - INTERNATIONAL STANDARD BOOK NUMBER
International Standard Book Number 9780008291464
Qualifying information Paperback
040 ## - CATALOGING SOURCE
Original cataloging agency CBULib
Transcribing agency CBULib
041 ## - LANGUAGE CODE
Language code of text/sound track or separate title eng
050 ## - LIBRARY OF CONGRESS CALL NUMBER
Classification number RC 406.Q33 Rei
100 ## - MAIN ENTRY--PERSONAL NAME
Personal name Reid, Melainie
245 ## - TITLE STATEMENT
Title The world I fell out of
Statement of responsibility, etc. / by Melanie Reid
260 ## - PUBLICATION, DISTRIBUTION, ETC.
Place of publication, distribution, etc. London,
Name of publisher, distributor, etc. HarperCollins,
Date of publication, distribution, etc. 2020
300 ## - PHYSICAL DESCRIPTION
Extent xvi, 384 pages : illustrations
650 ## - SUBJECT ADDED ENTRY--TOPICAL TERM
Topical term or geographic name entry element QUADRIPLEGICS
650 ## - SUBJECT ADDED ENTRY--TOPICAL TERM
Topical term or geographic name entry element GREAT BRITAIN
700 ## - ADDED ENTRY--PERSONAL NAME
Personal name Marr, Andrew
942 ## - ADDED ENTRY ELEMENTS (KOHA)
Koha item type MONOGRAPH
999 ## -
-- 77455
-- 77455
Holdings
Withdrawn status Lost status Source of classification or shelving scheme Damaged status Not for loan Collection code Permanent Location Current Location Shelving location Date acquired Source of acquisition Cost, normal purchase price Total Checkouts Full call number Barcode Date last seen Cost, replacement price Price effective from Koha item type Date last checked out
          Main Library Open Access Collection CBU-MAIN LIBRARY, KITWE. CBU-MAIN LIBRARY, KITWE. General Stacks 04/27/2023 DON-BOOKAID 21.84   RC 406.Q33 Rei 751989 04/27/2023 26.21 04/27/2023 MONOGRAPH  
          Mpika Library Collection CBU-MPIKA LIBRARY, MPIKA CAMPUS. CBU-MAIN LIBRARY, KITWE. General Stacks 05/10/2023 DON- BOOK AID   1 RC 406.Q33 Rei 751990 07/29/2025 21.84 05/10/2023 MONOGRAPH 06/20/2025